| 000 | 00759cam a2200265 4500 | ||
|---|---|---|---|
| 001 | 29104 | ||
| 003 | BD-RjUL | ||
| 005 | 20211209051355.0 | ||
| 008 | 140402s1969 enk b 001 0 eng d | ||
| 035 | _a(BD-RjUL)29189 | ||
| 040 |
_aDLC _cDLC _dDLC _dBD-RjUL _beng |
||
| 041 | _aeng | ||
| 082 | 0 | 0 |
_a192 _bWAB 1969 |
| 100 | 1 |
_aWarnock, G. J. _q(Geoffrey James), _d1923- _92889 |
|
| 245 | 1 | 0 |
_aBerkeley / _cby G. J. Warnock. |
| 260 |
_aBaltimore : _bPenguin Books, _c1969. |
||
| 300 |
_a240 p. ; _c20 cm. |
||
| 350 | _a2.95 (pbk) | ||
| 490 | 0 | _aPeregrine books, Y80 | |
| 504 | _aIncludes index and bibliographical references. | ||
| 600 | 1 | 0 |
_aBerkeley, George, _d1685-1753. _93159 |
| 942 |
_2ddc _cBK |
||
| 999 |
_c29104 _d29104 |
||